000 00322nam a22001337a 4500
008 181009b xxu||||| |||| 00| 0 eng d
020 _a9780130418425
041 _aeng
080 _24th
_a540
100 _a12
101 _aKIM
245 _aFundamentals of General,Organic, and Biological
_cMurry,J.M
942 _2udc
_cBK
999 _c49109
_d49109